Pokemon Arenaleiter und Top 4 - 2. Gen. - Statistiken

Allgemein
  • Dieses Quiz wurde 113 mal gespielt
  • Das Durchschnittsergebnis liegt bei 26 aus 34
Antwortstatistiken
Hint Answers % Korrekt
Typ Flug
98%
Typ Käfer
97%
Typ Drache
94%
Typ Drache
94%
Typ Geist
94%
Typ Kampf
94%
Typ Kampf
94%
Typ Normal
94%
Typ Eis
93%
Typ Stahl
93%
Name Siegfried
88%
Typ Unlicht
86%
Typ Gift
85%
Name Falk
83%
Name Koga
81%
Name Jasmin
80%
Typ Psycho
80%
Name Bianka
79%
Name Bruno
78%
Name Sandra
78%
Name Kai
76%
Name Jens
74%
Name Norbert
74%
Orden Drachenorden
67%
Name Hartwig
66%
Orden Stahlorden
66%
Orden Eisorden
64%
Orden Flügelorden
58%
Name Willi
57%
Orden Faustorden
53%
Name Melanie
51%
Orden Basisorden
37%
Orden Insektorden
34%
Orden Phantomorden
28%
Keine übereinstimmenden Quizze gefunden
Verteilung der Resultate
Anzahl Personen mit jedem Resultat
Perzentil nach korrekt beantworteten Fragen
Ihre Resultats-Entwicklung
Sie haben dieses Quiz noch nicht gespielt